[Event "Oberfranken-ch"]
[Site "Kronach"]
[Date "2023.11.03"]
[Round "4"]
[White "Wagner, Tizian"]
[Black "Herpich, Nico"]
[Result "1/2-1/2"]
[WhiteElo "1933"]
[BlackElo "1982"]
[PlyCount "29"]
[EventDate "2023.11.02"]
[EventType "swiss"]
[EventRounds "7"]
[EventCountry "GER"]
[SourceTitle "CBM 217 Extra"]
[Source "ChessBase"]
[SourceDate "2024.01.31"]
[SourceVersion "1"]
[SourceVersionDate "2024.01.31"]
[SourceQuality "1"]

1. e4 c6 2. d4 d5 3. e5 Bf5 4. Nf3 e6 5. Nbd2 Nd7 6. Nb3 h6 7. Be3 Ne7 8. Be2 Qc7 9. 0-0 g5 10. Ne1 Bg7 11. Rc1 Bh7 12. Qd2 f5 13. f4 gxf4 14. Bxf4 Bg6 15. c4 1/2-1/2

[Event "Oberfranken-ch"]
[Site "Kronach"]
[Date "2023.11.02"]
[Round "2"]
[White "Herpich, Nico"]
[Black "Wunder, Stefan"]
[Result "1-0"]
[WhiteElo "1982"]
[BlackElo "1910"]
[PlyCount "75"]
[EventDate "2023.11.02"]
[EventType "swiss"]
[EventRounds "7"]
[EventCountry "GER"]
[SourceTitle "CBM 217 Extra"]
[Source "ChessBase"]
[SourceDate "2024.01.31"]
[SourceVersion "1"]
[SourceVersionDate "2024.01.31"]
[SourceQuality "1"]

1. d4 Nf6 2. Nf3 d6 3. Bf4 Nbd7 4. c4 g6 5. Nc3 Bg7 6. Qd2 c6 7. g3 Qa5 8. d5 Nc5 9. Rc1 0-0 10. Bg2 Bd7 11. 0-0 Rfe8 12. Rfe1 Qb4 13. Ne4 Qxd2 14. Nfxd2 Nfxe4 15. Nxe4 Nxe4 16. Bxe4 Rec8 17. b3 a5 18. a4 cxd5 19. Bxd5 Bc6 20. Red1 Kf8 21. g4 Ra6 22. Rd3 h6 23. Rcd1 Ke8 24. h4 Raa8 25. Kg2 Rab8 26. c5 e5 27. Re3 f6 28. cxd6 Kd7 29. Bg3 g5 30. f3 b5 31. Be4 Bxe4 32. Rxe4 Rc3 33. axb5 Rxb5 34. hxg5 hxg5 35. Be1 Rcxb3 36. Rc4 Rb7 37. Bxa5 Bf8 38. Rc7+ 1-0

[Event "Nordhausen op 13th"]
[Site "Nordhausen"]
[Date "2023.08.05"]
[Round "5"]
[White "Herpich, Nico"]
[Black "Schenk, Rafael"]
[Result "1-0"]
[WhiteElo "1982"]
[BlackElo "1862"]
[PlyCount "101"]
[EventDate "2023.08.03"]
[EventType "swiss"]
[EventRounds "7"]
[EventCountry "GER"]
[SourceTitle "CBM 215 Extra"]
[Source "ChessBase"]
[SourceDate "2023.09.30"]
[SourceVersion "1"]
[SourceVersionDate "2023.09.30"]
[SourceQuality "1"]

1. e4 e5 2. Nf3 Nf6 3. Nxe5 d6 4. Nf3 Nxe4 5. Nc3 Nxc3 6. dxc3 Be7 7. Bf4 Nd7 8. Qd2 Nf6 9. 0-0-0 0-0 10. Re1 Be6 11. Kb1 c5 12. h3 Re8 13. g4 d5 14. Bb5 Rf8 15. Bd3 c4 16. Bf1 Ne4 17. Qe3 Bc5 18. Nd4 Qb6 19. Ka1 Bxd4 20. Qxd4 Qxd4 21. cxd4 Nxf2 22. Rh2 Ne4 23. Bxc4 dxc4 24. Rxe4 Rfd8 25. Rhe2 Rd5 26. c3 Kf8 27. Kb1 Rad8 28. Kc2 b5 29. Be5 R8d7 30. Kd2 Rd8 31. Ke3 Re8 32. Kf4 Rc8 33. h4 a6 34. h5 Rc6 35. g5 f6 36. Bxf6 Rf5+ 37. Kg3 gxf6 38. Rxe6 Rxg5+ 39. Kf4 Rxe6 40. Rxe6 Kf7 41. Rxa6 Rxh5 42. Ra5 Rg5 43. a4 h5 44. Rxb5 Rxb5 45. axb5 Ke6 46. b6 Kd7 47. d5 Kd6 48. Kf5 Kd7 49. b7 Kc7 50. d6+ Kxb7 51. Ke6 1-0

[Event "Mittelfrank Regionalliga Nord-West 2122"]
[Site "Mittelfranken"]
[Date "2022.03.20"]
[Round "4.3"]
[White "Herpich, Nico"]
[Black "Fuks, Boris"]
[Result "1-0"]
[WhiteElo "2035"]
[BlackElo "2047"]
[PlyCount "69"]
[EventDate "2021.10.24"]
[EventType "team-tourn"]
[EventRounds "9"]
[EventCountry "GER"]
[SourceTitle "EXT 2024"]
[Source "ChessBase"]
[SourceDate "2023.10.10"]
[SourceVersion "1"]
[SourceVersionDate "2023.10.10"]
[SourceQuality "1"]
[WhiteTeam "Kronach"]
[BlackTeam "Aschaffenburg"]
[WhiteTeamCountry "GER"]
[BlackTeamCountry "GER"]

1. c4 c5 2. g3 g6 3. Bg2 Bg7 4. Nc3 Nc6 5. d3 Nh6 6. e3 d6 7. Nge2 Nf5 8. Rb1 Bd7 9. 0-0 0-0 10. a3 Rb8 11. b4 b6 12. b5 Na5 13. Bd2 Bc8 14. f4 e6 15. g4 Ne7 16. e4 f5 17. gxf5 exf5 18. Ng3 fxe4 19. Ngxe4 Nf5 20. Ng5 Qf6 21. Bd5+ Kh8 22. Ne2 Nb7 23. Bc3 Nd4 24. Bxd4 cxd4 25. Ng3 Nc5 26. Qf3 Bh6 27. N3e4 Nxe4 28. Nxe4 Qxf4 29. Qxf4 Bxf4 30. Kg2 Kg7 31. Rb2 Bd7 32. Rbf2 g5 33. Rf3 h6 34. R3f2 Be5 35. Rf7+ 1-0

[Event "Oberfranken-ch"]
[Site "Schney"]
[Date "2020.01.06"]
[Round "7"]
[White "Grosshans, Ralf Michael"]
[Black "Herpich, Nico"]
[Result "1/2-1/2"]
[WhiteElo "2081"]
[BlackElo "1734"]
[PlyCount "30"]
[EventDate "2020.01.03"]
[EventType "swiss"]
[EventRounds "7"]
[EventCountry "GER"]
[SourceTitle "CBM 194 Extra"]
[Source "ChessBase"]
[SourceDate "2020.03.31"]
[SourceVersion "1"]
[SourceVersionDate "2020.03.31"]
[SourceQuality "1"]

1. e4 c5 2. Nf3 Nc6 3. d3 g6 4. g3 Bg7 5. Bg2 e5 6. c4 Nge7 7. Nc3 0-0 8. 0-0 d6 9. Nh4 f5 10. f4 Be6 11. Be3 Qd7 12. Qd2 Rab8 13. Rae1 a6 14. b3 b5 15. Nd5 b4 1/2-1/2

[Event "Oberfranken-ch"]
[Site "Schney"]
[Date "2020.01.04"]
[Round "3"]
[White "Brunsch, Michael"]
[Black "Herpich, Nico"]
[Result "1/2-1/2"]
[WhiteElo "1970"]
[BlackElo "1734"]
[PlyCount "33"]
[EventDate "2020.01.03"]
[EventType "swiss"]
[EventRounds "7"]
[EventCountry "GER"]
[SourceTitle "CBM 194 Extra"]
[Source "ChessBase"]
[SourceDate "2020.03.31"]
[SourceVersion "1"]
[SourceVersionDate "2020.03.31"]
[SourceQuality "1"]

1. c4 b6 2. Nc3 Bb7 3. e4 c5 4. Nf3 Nc6 5. d3 g6 6. g3 Bg7 7. Bg2 e6 8. 0-0 Nge7 9. d4 Nxd4 10. Nxd4 cxd4 11. Nb5 0-0 12. Nxd4 f5 13. exf5 Bxg2 14. Kxg2 Nxf5 15. Nxf5 Rxf5 16. Qe2 Qc7 17. Be3 1/2-1/2

[Event "Oberfranken-ch"]
[Site "Schney"]
[Date "2019.01.04"]
[Round "3"]
[White "Herpich, Nico"]
[Black "Jacob, Karl Heinz"]
[Result "1-0"]
[WhiteElo "1686"]
[BlackElo "1690"]
[PlyCount "59"]
[EventDate "2019.01.03"]
[EventType "swiss"]
[EventRounds "7"]
[EventCountry "GER"]
[SourceTitle "CBM 188 Extra"]
[Source "ChessBase"]
[SourceDate "2019.02.28"]
[SourceVersion "1"]
[SourceVersionDate "2019.02.28"]
[SourceQuality "1"]

1. c4 e6 2. g3 f5 3. Bg2 Nf6 4. d3 c6 5. e3 Be7 6. Ne2 d5 7. 0-0 0-0 8. Nbc3 a5 9. Rb1 Na6 10. a3 Rb8 11. Nd4 Kh8 12. f4 Qc7 13. Qe2 Bd7 14. Bd2 b5 15. cxb5 cxb5 16. Rfc1 Qb6 17. b4 axb4 18. axb4 Bxb4 19. Ncxb5 Bxd2 20. Qxd2 Rfc8 21. Nc3 Qd6 22. Nf3 Be8 23. Ne2 Rxb1 24. Rxb1 Bh5 25. Ne5 Nd7 26. Rc1 Rxc1+ 27. Qxc1 Nc7 28. Bf3 Nxe5 29. fxe5 Qxe5 30. Bxh5 1-0

[Event "Oberfranken-ch"]
[Site "Schney"]
[Date "2019.01.03"]
[Round "2"]
[White "Wolf, Pablo"]
[Black "Herpich, Nico"]
[Result "1-0"]
[WhiteElo "2105"]
[BlackElo "1686"]
[PlyCount "61"]
[EventDate "2019.01.03"]
[EventType "swiss"]
[EventRounds "7"]
[EventCountry "GER"]
[SourceTitle "CBM 188 Extra"]
[Source "ChessBase"]
[SourceDate "2019.02.28"]
[SourceVersion "1"]
[SourceVersionDate "2019.02.28"]
[SourceQuality "1"]

1. e4 c5 2. Nc3 Nc6 3. g3 g6 4. Bg2 Bg7 5. d3 d6 6. Be3 e6 7. f4 Nge7 8. Nf3 0-0 9. Qd2 Rb8 10. 0-0 b5 11. Nd1 b4 12. d4 cxd4 13. Nxd4 Nxd4 14. Bxd4 Bxd4+ 15. Qxd4 Nc6 16. Qf2 Ba6 17. Re1 Qb6 18. Ne3 Rbc8 19. Red1 Nd4 20. Rd2 Rfd8 21. Rad1 Nb5 22. g4 Nc3 23. bxc3 bxc3 24. Rd4 Rc5 25. g5 f5 26. gxf6 Rh5 27. Bf3 Rb5 28. Nc4 Qc5 29. Nxd6 Rb4 30. Rxb4 Qxb4 31. Qd4 1-0

[Event "Regionalliga Nord-West 1819"]
[Site "Bayern"]
[Date "2018.12.16"]
[Round "4.7"]
[White "Herpich, Nico"]
[Black "Moenius, Oliver"]
[Result "1/2-1/2"]
[WhiteElo "1822"]
[BlackElo "1831"]
[PlyCount "48"]
[EventDate "2018.10.21"]
[EventType "team-tourn"]
[EventRounds "9"]
[EventCountry "GER"]
[SourceTitle "EXT 2022"]
[Source "ChessBase"]
[SourceDate "2021.10.06"]
[SourceVersion "1"]
[SourceVersionDate "2021.10.06"]
[SourceQuality "1"]
[WhiteTeam "Kronach"]
[BlackTeam "Hoechstadt/Aisch"]
[WhiteTeamCountry "GER"]
[BlackTeamCountry "GER"]

1. c4 g6 2. g3 Bg7 3. Bg2 e6 4. d3 Ne7 5. e3 c5 6. Ne2 0-0 7. 0-0 Nbc6 8. a3 d5 9. Qc2 d4 10. e4 e5 11. Nd2 Qc7 12. Rb1 a5 13. f4 Bg4 14. Nf3 Qd7 15. Nxe5 Nxe5 16. fxe5 Bxe2 17. Qxe2 Bxe5 18. b4 axb4 19. axb4 b6 20. bxc5 bxc5 21. Rb5 Qd6 22. Bh6 Rfb8 23. Rfb1 Nc6 24. Bd2 Rxb5 1/2-1/2

[Event "Regionalliga Nord-West 1819"]
[Site "Bayern"]
[Date "2018.11.11"]
[Round "2.7"]
[White "Herpich, Nico"]
[Black "Weck, Hans"]
[Result "1-0"]
[WhiteElo "1822"]
[BlackElo "1836"]
[PlyCount "67"]
[EventDate "2018.10.21"]
[EventType "team-tourn"]
[EventRounds "9"]
[EventCountry "GER"]
[SourceTitle "EXT 2022"]
[Source "ChessBase"]
[SourceDate "2021.10.06"]
[SourceVersion "1"]
[SourceVersionDate "2021.10.06"]
[SourceQuality "1"]
[WhiteTeam "Kronach"]
[BlackTeam "Bad Neustadt"]
[WhiteTeamCountry "GER"]
[BlackTeamCountry "GER"]

1. c4 c5 2. g3 Nc6 3. Bg2 g6 4. Nc3 Bg7 5. a3 e6 6. e4 Nge7 7. Nge2 0-0 8. 0-0 Rb8 9. Rb1 d6 10. b4 b6 11. d3 Bb7 12. Be3 Qd7 13. Qd2 Ba8 14. Bh6 Nd4 15. Nxd4 cxd4 16. Bxg7 Kxg7 17. Ne2 e5 18. f4 f5 19. Bh3 Qc6 20. b5 Qc5 21. exf5 Nxf5 22. fxe5 Ne3 23. Rxf8 Rxf8 24. Nf4 Rxf4 25. gxf4 dxe5 26. fxe5 Qxe5 27. Qf2 h5 28. Qg3 Qe7 29. Qf4 Qc5 30. Be6 Bg2 31. Re1 Ba8 32. Re2 Nd1 33. h4 Nc3 34. Rf2 1-0

[Event "Regionalliga Nord-West 1718"]
[Site "Bayern"]
[Date "2018.02.04"]
[Round "6.8"]
[White "Halbich, Anton"]
[Black "Herpich, Nico"]
[Result "0-1"]
[WhiteElo "1882"]
[BlackElo "1821"]
[PlyCount "142"]
[EventDate "2017.10.22"]
[EventType "team-tourn"]
[EventRounds "9"]
[EventCountry "GER"]
[SourceTitle "EXT 2022"]
[Source "ChessBase"]
[SourceDate "2021.10.06"]
[SourceVersion "1"]
[SourceVersionDate "2021.10.06"]
[SourceQuality "1"]
[WhiteTeam "Rottendorf"]
[BlackTeam "Kronach"]
[WhiteTeamCountry "GER"]
[BlackTeamCountry "GER"]

1. d4 Nf6 2. Nf3 d6 3. c4 g6 4. Nc3 Bg7 5. e4 0-0 6. h3 e5 7. dxe5 dxe5 8. Be3 Na6 9. a3 c6 10. Be2 Be6 11. 0-0 Qe7 12. Ng5 h6 13. Nxe6 Qxe6 14. Qc2 Nd7 15. Rad1 f5 16. Qd2 f4 17. Bg4 Qe7 18. Qxd7 Qxd7 19. Rxd7 fxe3 20. Rxb7 Nc5 21. Rc7 exf2+ 22. Rxf2 Rxf2 23. Kxf2 Nd3+ 24. Ke2 Nf4+ 25. Kf1 Rf8 26. Kg1 h5 27. Bd7 Rd8 28. Rxa7 Bh6 29. Rc7 Nd3 30. b4 Be3+ 31. Kh2 h4 32. g3 hxg3+ 33. Kxg3 Bf2+ 34. Kg2 Bd4 35. Ne2 Bb2 36. Bxc6 Bxa3 37. Bd5+ Kh8 38. b5 Bd6 39. Rc6 Kg7 40. Rb6 Bc5 41. Rc6 Bd6 42. h4 Kh6 43. Ng3 Nb4 44. Rb6 Nd3 45. h5 Nf4+ 46. Kh2 Kg5 47. Rc6 Kg4 48. Ra6 Bc5 49. Rc6 Bf2 50. Nh1 Kf3 51. Nxf2 Kxf2 52. Ra6 Rh8 53. Ra2+ Ne2 54. Rxe2+ Kxe2 55. Kg3 gxh5 56. b6 Kd3 57. c5 Kd4 58. c6 Kc5 59. b7 Kd6 60. Kh4 Kc7 61. Bf7 Kxc6 62. b8Q Rxb8 63. Kxh5 Kc5 64. Kg4 Kd4 65. Bd5 Rf8 66. Kg3 Rf4 67. Bb7 Rxe4 68. Bxe4 Kxe4 69. Kf2 Kd3 70. Ke1 Ke3 71. Kd1 Kf2 0-1

[Event "Oberfranken-ch"]
[Site "Schney"]
[Date "2018.01.05"]
[Round "5.2"]
[White "Koedel, Christian"]
[Black "Herpich, Nico"]
[Result "1/2-1/2"]
[WhiteElo "1615"]
[BlackElo "1650"]
[PlyCount "36"]
[EventDate "2018.01.03"]
[EventType "swiss"]
[EventRounds "7"]
[EventCountry "GER"]
[SourceTitle "EXT 2022"]
[Source "ChessBase"]
[SourceDate "2021.10.06"]
[SourceVersion "1"]
[SourceVersionDate "2021.10.06"]
[SourceQuality "1"]

1. f4 e5 2. e4 exf4 3. Nf3 d5 4. exd5 Qxd5 5. Nc3 Qe6+ 6. Be2 Bd6 7. 0-0 Ne7 8. Bb5+ c6 9. Re1 Qh6 10. Bc4 0-0 11. d4 Nd7 12. Ne4 b5 13. Nxd6 Qxd6 14. Bd3 Nd5 15. c3 N7f6 16. Ne5 Re8 17. Bd2 Be6 18. Qf3 g5 1/2-1/2

[Event "Oberfranken-ch"]
[Site "Schney"]
[Date "2018.01.04"]
[Round "4.2"]
[White "Herpich, Nico"]
[Black "Wolf, Pablo"]
[Result "0-1"]
[WhiteElo "1650"]
[BlackElo "1940"]
[PlyCount "74"]
[EventDate "2018.01.03"]
[EventType "swiss"]
[EventRounds "7"]
[EventCountry "GER"]
[SourceTitle "EXT 2022"]
[Source "ChessBase"]
[SourceDate "2021.10.06"]
[SourceVersion "1"]
[SourceVersionDate "2021.10.06"]
[SourceQuality "1"]

1. c4 e6 2. g3 Nf6 3. Bg2 d5 4. Nf3 Be7 5. 0-0 b6 6. cxd5 exd5 7. d4 0-0 8. Nc3 Bb7 9. e3 Nc6 10. a3 a5 11. Ne5 Nxe5 12. dxe5 Ne4 13. Bxe4 dxe4 14. Qc2 Ba6 15. Qxe4 Bxf1 16. Kxf1 Qd7 17. Kg2 Rad8 18. h4 Rfe8 19. Qc4 c6 20. e4 b5 21. Qe2 Qe6 22. Bf4 Bc5 23. Rc1 Bd4 24. Bg5 Rc8 25. f3 Bxe5 26. Nd1 Qg6 27. Qe3 Qd6 28. h5 f6 29. Bh4 Red8 30. Qb3+ Kh8 31. Nf2 a4 32. Qf7 Rd7 33. Qa2 Qc7 34. b3 axb3 35. Qxb3 Rd2 36. Qe6 Qd7 37. Qb3 Rxf2+ 0-1

[Event "Oberfranken-ch"]
[Site "Schney"]
[Date "2018.01.04"]
[Round "3.1"]
[White "Sesselmann, Christoph"]
[Black "Herpich, Nico"]
[Result "0-1"]
[WhiteElo "1567"]
[BlackElo "1650"]
[PlyCount "120"]
[EventDate "2018.01.03"]
[EventType "swiss"]
[EventRounds "7"]
[EventCountry "GER"]
[SourceTitle "EXT 2022"]
[Source "ChessBase"]
[SourceDate "2021.10.06"]
[SourceVersion "1"]
[SourceVersionDate "2021.10.06"]
[SourceQuality "1"]

1. d4 Nf6 2. c4 g6 3. f3 Bg7 4. e4 d6 5. Nc3 0-0 6. Be3 e5 7. d5 a5 8. Qd2 Ne8 9. Nge2 f5 10. g3 fxe4 11. fxe4 Bg4 12. Bg2 Qc8 13. h3 Bf3 14. Bxf3 Rxf3 15. g4 Na6 16. 0-0-0 Nc5 17. Rdf1 Rxe3 18. Qxe3 Nf6 19. Rf3 Nfd7 20. Ng3 Nb6 21. Qe2 Bh6+ 22. Kb1 Bf4 23. Rhf1 a4 24. Rxf4 exf4 25. Rxf4 Qe8 26. Nb5 Qe5 27. Rf3 c6 28. Na3 Re8 29. Ka1 Qd4 30. h4 cxd5 31. cxd5 Nxd5 32. h5 Nxe4 33. Rd3 Qg1+ 34. Rd1 Qxg3 35. Rxd5 Nf6 36. Rd3 Qxg4 37. Qxg4 Nxg4 38. hxg6 hxg6 39. Rxd6 Re1+ 40. Nb1 Ne5 41. a3 g5 42. Ka2 g4 43. Nc3 g3 44. Rd2 Nf3 45. Rg2 Rg1 46. Rxg1 Nxg1 47. Ne4 Ne2 48. Nxg3 Nxg3 49. b3 axb3+ 50. Kxb3 Kf7 51. Kb4 Ke6 52. Kb5 Kd7 53. Kb6 Kc8 54. a4 Ne4 55. a5 Nf6 56. Kb5 Nd7 57. Kc4 Kb8 58. Kb5 Ka7 59. Kb4 Ka6 60. Ka4 Nb8 0-1

[Event "Oberfranken-ch U16"]
[Site "Schney"]
[Date "2017.01.04"]
[Round "4.1"]
[White "Herpich, Nico"]
[Black "Wolf, Pablo"]
[Result "1/2-1/2"]
[WhiteElo "1527"]
[BlackElo "1928"]
[PlyCount "35"]
[EventDate "2017.01.03"]
[EventType "swiss"]
[EventRounds "7"]
[EventCountry "GER"]
[SourceTitle "EXT 2024"]
[Source "ChessBase"]
[SourceDate "2023.10.10"]
[SourceVersion "1"]
[SourceVersionDate "2023.10.10"]
[SourceQuality "1"]

1. c4 e6 2. g3 Nf6 3. Bg2 d5 4. Nf3 c6 5. 0-0 Be7 6. d3 0-0 7. b3 Nbd7 8. Bb2 Qc7 9. Qc2 c5 10. Nbd2 d4 11. e3 e5 12. Rae1 dxe3 13. fxe3 Bd6 14. d4 cxd4 15. exd4 Re8 16. dxe5 Nxe5 17. Nxe5 Bxe5 18. Ne4 1/2-1/2

[Event "Oberfranken-ch U14"]
[Site "Schney"]
[Date "2015.01.04"]
[Round "4"]
[White "Herpich, Nico"]
[Black "Kornitzky, Tino"]
[Result "1-0"]
[WhiteElo "1194"]
[BlackElo "1627"]
[PlyCount "59"]
[EventDate "2015.01.03"]
[EventType "swiss"]
[EventRounds "7"]
[EventCountry "GER"]
[SourceTitle "CBM 164 Extra"]
[Source "ChessBase"]
[SourceDate "2015.03.02"]
[SourceVersion "1"]
[SourceVersionDate "2015.03.02"]
[SourceQuality "1"]

1. e4 e5 2. Nf3 Nc6 3. Nc3 Nf6 4. Bb5 Bc5 5. Nxe5 Nxe5 6. d4 Bxd4 7. Qxd4 Qe7 8. Bf4 Nc6 9. Bxc6 dxc6 10. 0-0-0 Be6 11. Bg5 h6 12. Bxf6 Qxf6 13. Qxf6 gxf6 14. f4 Rg8 15. f5 Bd7 16. Rd2 0-0-0 17. Rhd1 Rg4 18. Na4 b6 19. Nc3 Rgg8 20. b3 Rge8 21. g4 Re5 22. b4 Re7 23. b5 Rg8 24. h3 Be8 25. Rd8+ Kb7 26. bxc6+ Kxc6 27. Nd5 Rd7 28. Nxf6 Rxd1+ 29. Rxd1 Rf8 30. Rd8 1-0